Contribución de las ciencias económicas y financieras a la solución del problema de la vivienda (Record no. 34402)

MARC details
000 -LEADER
campo de control de longitud fija 00809nam a2200193 i 4500
001 - NÚMERO DE CONTROL
campo de control 34402
003 - IDENTIFICADOR DE NÚMERO DE CONTROL
campo de control ES-MaACL
005 - FECHA Y HORA DE LA ÚLTIMA TRANSACCIÓN
campo de control 20230906154928.0
007 - CAMPO FIJO DE DESCRIPCIÓN FÍSICA--INFORMACIÓN GENERAL
campo de control de longitud fija t|
008 - DATOS DE LONGITUD FIJA--INFORMACIÓN GENERAL
campo de control de longitud fija 030207s1961 sp ||||1| spa d
100 1# - ENTRADA PRINCIPAL--NOMBRE DE PERSONA
Nombre de persona Blanco Trías, Fedérico.
9 (RLIN) 29299
245 10 - MENCIÓN DEL TÍTULO
Título Contribución de las ciencias económicas y financieras a la solución del problema de la vivienda
Resto del título : conferencia /
Mención de responsabilidad, etc. por el académico numerario Fedérico Blanco Trías.
260 ## - PUBLICACIÓN, DISTRIBUCIÓN, ETC.
Lugar de publicación, distribución, etc. Barcelona :
Nombre del editor, distribuidor, etc. [s.n.,
Fecha de publicación, distribución, etc. 1961] (
Fabricante Imp. Clarasó)
300 ## - DESCRIPCIÓN FÍSICA
Extensión 40 p. ;
Dimensiones 25 cm.
490 1# - MENCIÓN DE SERIE
Mención de serie Publicaciones de la Real Academia de Ciencias Económicas y Financieras de Barcelona
830 0# - PUNTO DE ACCESO ADICIONAL DE SERIE-TÍTULO UNIFORME
Título uniforme Publicaciones de la Real Academia de Ciencias Económicas y Financieras de Barcelona
9 (RLIN) 182691
852 ## - LOCALIZACIÓN
Ubicación ES-MaACL
Número de control de estantería 2025-F-10
Sublocalización o colección R.48709
Holdings
Estatus retirado Estado de pérdida Estado de daño No para préstamo Colección Biblioteca de origen Biblioteca actual Ubicación en estantería Fecha de adquisición Fuente de adquisición Total de préstamos Signatura topográfica completa Código de barras Visto por última vez Precio de reemplazo Tipo de ítem Koha
        Colección de folletos Biblioteca del Ateneo de Madrid Biblioteca del Ateneo de Madrid Depósito folletos 17/01/2008     2025-F-10 1035881 23/02/2023 23/02/2023 Folleto